| 000 | 00755nam a2200181Ia 4500 | ||
|---|---|---|---|
| 008 | 090630s9999 xx 000 0 und d | ||
| 082 | _b28414 | ||
| 100 | _aभिवगडे ज्ञानेश्वर. | ||
| 245 |
_aनेताजी सुभाषचंद्र बोस. _cभिवगडे ज्ञानेश्वर. |
||
| 260 |
_bलाखे - नागपूर. _c1993 |
||
| 300 | _a32 | ||
| 600 | _aभिवगडे ज्ञानेश्वर. | ||
| 630 | _aनेताजी सुभाषचंद्र बोस. | ||
| 655 | _aबालवाङमय. | ||
| 700 | _aभिवगडे ज्ञानेश्वर. | ||
| 730 | _aनेताजी सुभाषचंद्र बोस. | ||
| 942 | _cBOOK | ||
| 999 |
_c280270 _d280270 |
||